| 000 | 01740 a2200289 4500 | ||
|---|---|---|---|
| 005 | 20140904084138.0 | ||
| 008 | 140322s2000 xxu g 0 m mul d | ||
| 040 |
_aCO-BoUCM _bspa _cJose A. Gerena (modificó) _dAldemar Mondragón |
||
| 041 | _aeng | ||
| 041 | _afre | ||
| 092 | _aDVD 1357 | ||
| 245 | 0 | 0 |
_aThe next best thing _cJohn Schlesinger, director _h[DVD] |
| 260 |
_aHollywood (Los Ángeles, california) _bParamount Pictures _c2000 |
||
| 300 |
_a1 DVD, 107 minutos _bimagen, sonido, color |
||
| 500 | _aSINOPSIS: Una comedia dramática sobre los mejores amigos. Una mujer recta, Abbie, el otro un hombre gay, Robert que deciden tener un hijo juntos. Cinco años más tarde, Abbie se enamora de un hombre recto y quiere alejarse de él junto a su hijo pequeño, y entonces una batalla por la custodia desagradable se produce | ||
| 508 | _aCRÉDITOS: Dirigida por John Schlesinger ; escrita por Tom Ropelewski ; fotografía por Elliot Davis ; diseño de producción por Howard Cummings ; dirección de arte por David Lazan ; ambientación por Jan K. Bergstrom ; vestuario por Ruth Myers ; efectos visuales por Erik Strauss | ||
| 511 | 0 | _aREPARTO: Madonna, Rupert Everett, Benjamin Bratt, Illeana Douglas, Michael Vartan, Josef Sommer, Malcolm Stumpf, Lynn Redgrave, Neil Patrick Harris, Mark Valley | |
| 546 | _aAudio en inglés y francés. Subtítulos en inglés | ||
| 650 | 7 |
_98906 _aAmistad en el cine _vDVD |
|
| 650 | 7 |
_957043 _aAmor en el cine _vDVD |
|
| 650 | 7 |
_97903 _aPelículas cinematográficas _vDVD |
|
| 690 |
_942805 _aEntretenimiento |
||
| 700 | 1 |
_aSchlesinger, John _edirector _958665 |
|
| 710 | 2 |
_aParamount Pictures _948549 |
|
| 710 | 2 |
_aLakeshore Entertainment _958666 |
|
| 942 |
_2LOCAL _a11 _cMULTIMEDIA _e1 |
||
| 999 |
_c240375 _d240375 |
||